LEADER 00915nam a2200229 i 4500 001 000000165857 003 CaOOAMICUS 005 20071116000000.0 008 071116s1963 it u000 u ita u 013 $a143225 040 $aSeMil$bita 245 10$a[1913-1938]. 300 $a148 p. in varie sequenze, LXXXII p. di tav. :$bill. 490 0 $aQuaderni di Arte cristiana 500 $aRilegato con : Vol. 2. 700 1 $aStrazzullo, Franco.$0(OLS)http://semarc/name/8409 773 0 $aStrazzullo, Franco$tMezzo secolo d'arte sacra in Italia.$dMilano : Scuola Beato Angelico, stampa 1963-stampa 1965.$gVol.1$w()18747 830 0$aQuaderni di Arte cristiana.$0(OLS)http://semarc/title/24663 850 $aSeMil 852 $aSeMil$W1$xVenegono$y1$m212 4 24BIS/1$j117029$B117029$CSeMilBibl$Z2$F128667 $85 961 $aOmaggio: Martini Card. Carlo Maria 996 $6245$a[1913-1938]$9(OLS)http://semarc/title/236841 LEADER 00658nab a2200193 i 4500 001 000000263165 003 CaOOAMICUS 005 20051130000000.0 008 051130n xx uu u0 0und r 013 $a4692 020 $a2-130-55372-9 040 $aSeMil$bita 245 14$aLes stoïciens et le monde. 500 $aDÉCEMBRE 2005. 700 1 $aMorel, Pierre-Marie.$0(OLS)http://semarc/name/83736 700 1 $aBénatouïl, Thomas.$0(OLS)http://semarc/name/83735 773 0 $t[2005].$dParis : PUF, copyr. 2005.$w()144632 996 $6020$a2-130-55372-9$9(OLS)http://semarc/number/265853 996 $6245$aLes stoïciens et le monde.$9(OLS)http://semarc/title/356381